|
|
|
|
| LEADER |
03148nam a2200421 a 4500 |
| 001 |
EBC957419 |
| 003 |
MiAaPQ |
| 005 |
20200520144314.0 |
| 006 |
m o d | |
| 007 |
cr cn||||||||| |
| 008 |
110801s2012 nyua sb 001 0 eng d |
| 010 |
|
|
|z 2011031158
|
| 020 |
|
|
|z 9780415888165
|
| 020 |
|
|
|a 9781136481871 (electronic bk.)
|
| 035 |
|
|
|a (MiAaPQ)EBC957419
|
| 035 |
|
|
|a (Au-PeEL)EBL957419
|
| 035 |
|
|
|a (CaPaEBR)ebr10531841
|
| 035 |
|
|
|a (CaONFJC)MIL344260
|
| 035 |
|
|
|a (OCoLC)798533110
|
| 040 |
|
|
|a MiAaPQ
|c MiAaPQ
|d MiAaPQ
|
| 050 |
|
4 |
|a HD30.213
|b .M344 2012
|
| 082 |
0 |
4 |
|a 658.4/038011
|2 23
|
| 245 |
0 |
0 |
|a Management and information technology
|h [electronic resource] :
|b challenges for the modern organization /
|c edited by Peter Dahlin and Peter Ekman ; foreword by Lars Engwall.
|
| 260 |
|
|
|a New York :
|b Routledge,
|c 2012.
|
| 300 |
|
|
|a xix, 216 p. :
|b ill.
|
| 490 |
1 |
|
|a Routledge studies in innovation, organization and technology ;
|v 21
|
| 504 |
|
|
|a Includes bibliographical references and index.
|
| 505 |
0 |
|
|a Introduction / Peter Dahlin and Peter Ekman -- Balancing between entrepreneurship and control through the use of management control systems and information technology / Eva Lovstal -- The challenge of differing actor groups within an enterprise resource planning project / Gunilla Myreteg -- Expanding the knowledge structure of firms : an illustration of how organizations experiment with information technology to harness the knowledge of the masses / Leon Michael Caesarius -- Management of asynchronous and synchronous e-learning / Stefan Hrastinski -- The limitations of enterprise systems for marketers and salesmen / Peter Ekman -- Integration of information technology in business relationships : a managerial issue / Cecilia Lindh -- Internal accounting information systems and inter-organizational coordination : episodes involving balanced scorecard and differential customer accounting / Lars Frimanson -- Expansion of IT business through cross-industry mergers and acquisitions / Peter Dahlin -- Measuring the impact of IT in the Swedish logging industry / Maria Kollberg Thomassen -- IT innovation influence and industrial transformation : the case of the Swedish graphic industry / Mathias Coster -- The do's and don'ts of digitization? IT and organization in health care / Pontus Fryk -- Technology acceptance research : reflections on the use of a theory / Christina Keller -- Developing patterns of explanations : methodological considerations when analyzing qualitative data / Magnus Hansson.
|
| 533 |
|
|
|a Electronic reproduction. Ann Arbor, MI : ProQuest, 2015. Available via World Wide Web. Access may be limited to ProQuest affiliated libraries.
|
| 650 |
|
0 |
|a Management information systems.
|
| 650 |
|
0 |
|a Information technology
|x Management.
|
| 655 |
|
4 |
|a Electronic books.
|
| 700 |
1 |
|
|a Dahlin, Peter.
|
| 700 |
1 |
|
|a Ekman, Peter.
|
| 700 |
1 |
|
|a Engwall, Lars.
|
| 710 |
2 |
|
|a ProQuest (Firm)
|
| 830 |
|
0 |
|a Routledge studies in innovation, organization and technology ;
|v 21.
|
| 856 |
4 |
0 |
|u https://ebookcentral.proquest.com/lib/matrademy/detail.action?docID=957419
|z Click to View
|